NHL Players Retiring Soon - Statistics

General Stats
  • This quiz has been taken 17 times
    3 since last reset
  • The average score is 14 of 34
Answer Stats
Team Status Age HOF? Player % Correct
Capitals UFA 40 Yes Alex Ovechkin
100%
Avalanche UFA 40 Yes Brent Burns
100%
Penguins Playing 39 Yes Evgeni Malkin
100%
Stars UFA 36 No Jamie Benn
100%
Penguins Playing 39 No Kris Letang
100%
Penguins Playing 38 Yes Sidney Crosby
100%
Predators Playing 36 Yes Steven Stamkos
100%
Golden Knights Injured 36 No Alex Pietrangelo
67%
Panthers Playing 37 Yes Brad Marchand
67%
Senators UFA 38 Yes Claude Giroux
67%
Penguins Playing 35 Yes Erik Karlsson
67%
Maple Leafs Playing 35 Yes John Tavares
67%
Kraken Playing 35 No Jordan Eberle
67%
Wild UFA 38 No Mats Zuccarello
67%
Ducks UFA 35 No Radko Gudas
67%
Kings Retired 38 Yes Anze Kopitar
33%
Lightning UFA 41 Yes Corey Perry
33%
Wild UFA 38 No Nick Foligno
33%
Red Wings UFA 37 Yes Patrick Kane
33%
Panthers UFA 37 Yes Sergei Bobrovsky
33%
Red Wings UFA 38 No Cam Talbot
0%
Sharks Retired 38 Yes Carey Price
0%
Wild Retired 39 No Jack Johnson
0%
Wild UFA 38 No Jeff Petry
0%
Ducks UFA 36 No John Carlson
0%
Rangers Retired 40 Yes Jonathan Quick
0%
Jets UFA 38 No Jonathan Toews
0%
Senators UFA 36 No Lars Eller
0%
Free Agent Retired 37 No Max Pacioretty
0%
Canadiens UFA 28 No Patrik Laine
0%
Sharks UFA 39 No Ryan Reaves
0%
Free Agent UFA 41 No Ryan Suter
0%
Free Agent UFA 35 No T. J. Brodie
0%
Free Agent Retired 39 No Trevor Lewis
0%
No matching quizzes found
Score Distribution
Percent of People with Each Score
Percentile by Number Answered
Your Score History
You have not taken this quiz since the last reset